[Event "London Classic op"]
[Site "London ENG"]
[Date "2012.12.06"]
[Round "6.3"]
[White "Golubka, Petro"]
[Black "Rowson, Jonathan"]
[Result "0-1"]
[WhiteElo "2418"]
[BlackElo "2586"]
[WhiteFideId "-1"]
[BlackFideId "-1"]
[PlyCount "114"]
[GameId "2130307688687673"]
[EventDate "2012.12.01"]
[EventType "swiss"]
[EventRounds "9"]
[EventCountry "ENG"]
[SourceTitle "The Week in Chess 944"]
[Source "Mark Crowther"]
[SourceDate "2012.12.10"]
[SourceVersion "3"]
[SourceVersionDate "2012.12.11"]
[SourceQuality "2"]

1. c4 e5 2. Nc3 Nf6 3. Nf3 Nc6 4. e3 Be7 5. a3 O-O 6. Qc2 a5 7. Nd5 d6 8. Bd3 h6 9. Nxf6+ Bxf6 10. O-O a4 11. Be4 Be6 12. Bd5 Qd7 13. d3 Bxd5 14. cxd5 Na5 15. e4 Nb3 16. Rb1 c6 17. dxc6 Qxc6 18. Qe2 d5 19. exd5 Qxd5 20. Be3 Rfd8 21. Rfd1 Rac8 22. Ne1 e4 23. h3 Qb5 24. Kf1 Qe5 25. Kg1 Qe6 26. dxe4 Qxe4 27. Rd3 Rxd3 28. Nxd3 Rd8 29. Rd1 Qc4 30. Kf1 b5 31. Bb6 Rd6 32. Ba7 Re6 33. Be3 Rd6 34. f4 Re6 35. Ne5 Qxe2+ 36. Kxe2 Bxe5 37. fxe5 Rxe5 38. Rd8+ Kh7 39. Rd7 Kg6 40. Rd6+ f6 41. Ra6 Nc5 42. Rb6 Ne6 43. Kf2 Kf5 44. Bd2 Ke4 45. Bc3 Rf5+ 46. Kg3 Nf4 47. Kh2 Rg5 48. g3 Ne2 49. Be1 Kf3 50. Rd6 Re5 51. Bd2 Nxg3 52. Rd3+ Ke2 53. Rxg3 Kxd2 54. Rxg7 Kc2 55. Rg6 Kxb2 56. Rxh6 Kxa3 57. Rxf6 b4 0-1

[Event "London Classic op"]
[Site "London ENG"]
[Date "2012.12.08"]
[Round "8.12"]
[White "Golubka, Petro"]
[Black "Zimmermann, Julian"]
[Result "1/2-1/2"]
[WhiteElo "2418"]
[BlackElo "2299"]
[WhiteFideId "-1"]
[BlackFideId "-1"]
[PlyCount "107"]
[GameId "2130307688695978"]
[EventDate "2012.12.01"]
[EventType "swiss"]
[EventRounds "9"]
[EventCountry "ENG"]
[SourceTitle "The Week in Chess 944"]
[Source "Mark Crowther"]
[SourceDate "2012.12.10"]
[SourceVersion "3"]
[SourceVersionDate "2012.12.11"]
[SourceQuality "2"]

1. e4 c5 2. Nf3 d6 3. d4 cxd4 4. Nxd4 Nf6 5. Nc3 a6 6. Bc4 e6 7. Bb3 Nbd7 8. Bg5 Qa5 9. Qd2 Be7 10. O-O-O Nc5 11. f3 O-O 12. Kb1 Qc7 13. g4 b5 14. Bxf6 Bxf6 15. g5 Be7 16. h4 b4 17. Nce2 a5 18. Nb5 Qb6 19. Bc4 Ba6 20. Ned4 Rfc8 21. b3 Na4 22. Ka1 Nc3 23. Nxc3 bxc3 24. Qxc3 Bf8 25. Qd3 Bxc4 26. bxc4 g6 27. c3 Bg7 28. Nb5 Qc5 29. a3 Rab8 30. Ka2 Bf8 31. Qd4 d5 32. Qxc5 Rxc5 33. exd5 Rxc4 34. Kb3 Rf4 35. a4 exd5 36. Rhf1 Rxh4 37. Rxd5 Rf4 38. Rd4 Rf5 39. f4 h6 40. gxh6 Bxh6 41. Kc2 Bg7 42. Rc4 Rd8 43. Na7 Bf6 44. Nc6 Re8 45. Rb1 Rh5 46. Rb5 Rh2+ 47. Kb3 Re1 48. Rcc5 Rf2 49. Rxa5 Rb1+ 50. Kc4 Rxf4+ 51. Nd4 g5 52. Ra8+ Kg7 53. a5 g4 54. Rf5 1/2-1/2

[Event "London Classic op 4th"]
[Site "London"]
[Date "2012.12.02"]
[Round "2"]
[White "Golubka, Petro"]
[Black "Semprun Martinez, Fernando M"]
[Result "1-0"]
[WhiteElo "2418"]
[BlackElo "2183"]
[WhiteFideId "-1"]
[BlackFideId "-1"]
[PlyCount "67"]
[GameId "1166656438657024"]
[EventDate "2012.12.01"]
[EventType "swiss"]
[EventRounds "9"]
[EventCountry "ENG"]
[SourceTitle "CBM 151 Extra"]
[Source "ChessBase"]
[SourceDate "2012.12.18"]
[SourceVersion "1"]
[SourceVersionDate "2012.12.18"]
[SourceQuality "1"]

1. c4 c5 2. Nc3 Nc6 3. Nf3 e5 4. g3 g6 5. Bg2 Bg7 6. O-O Nge7 7. Ne1 O-O 8. Nc2 d6 9. Ne3 Rb8 10. d3 a6 11. a4 Be6 12. Ned5 f5 13. a5 h6 14. Nxe7+ Nxe7 15. Bd2 f4 16. Ne4 g5 17. b4 Qc7 18. Rb1 b6 19. axb6 Rxb6 20. bxc5 Rxb1 21. Qxb1 dxc5 22. Qa2 Nf5 23. Bc3 Bc8 24. Ba5 Qa7 25. Rb1 Nd4 26. Bb6 Qf7 27. Bxc5 f3 28. Bxd4 exd4 29. Bxf3 g4 30. Nd6 Qg6 31. Nxc8 Rxc8 32. Be4 Qf6 33. c5+ Kh8 34. c6 1-0

[Event "London Classic op 4th"]
[Site "London"]
[Date "2012.12.03"]
[Round "3"]
[White "Player, Edmund"]
[Black "Golubka, Petro"]
[Result "0-1"]
[WhiteElo "2248"]
[BlackElo "2418"]
[WhiteFideId "-1"]
[BlackFideId "-1"]
[PlyCount "97"]
[GameId "1166656439287808"]
[EventDate "2012.12.01"]
[EventType "swiss"]
[EventRounds "9"]
[EventCountry "ENG"]
[SourceTitle "CBM 151 Extra"]
[Source "ChessBase"]
[SourceDate "2012.12.18"]
[SourceVersion "1"]
[SourceVersionDate "2012.12.18"]
[SourceQuality "1"]

1. e4 c5 2. Nf3 a6 3. b3 d6 4. Bb2 Nc6 5. g3 e5 6. Bg2 Nf6 7. d3 g6 8. Nbd2 Bg7 9. O-O O-O 10. Nc4 b5 11. Ne3 Rb8 12. Nd2 h5 13. h3 h4 14. g4 Nd4 15. Nf3 Nh7 16. Nxd4 cxd4 17. Nd5 Be6 18. f4 Bxd5 19. exd5 Rc8 20. Kh1 Qc7 21. fxe5 dxe5 22. Rf2 Nf6 23. Qf1 Qd6 24. Re1 Nxd5 25. Bxd5 Qxd5+ 26. Qg2 Qxg2+ 27. Kxg2 Rc6 28. g5 Rfc8 29. Ree2 a5 30. Kf3 a4 31. Kg4 b4 32. Kxh4 a3 33. Bc1 e4 34. Bf4 e3 35. Rg2 Re6 36. Bg3 Be5 37. Be1 Kg7 38. Bxb4 f5 39. gxf6+ Rxf6 40. Kg5 Rh8 41. Kg4 Rh5 42. Be1 Rf4+ 43. Kg3 Rg5+ 44. Kh2 Rf1+ 45. Bg3 Rxg3 46. Rxg3 Rf3 47. Reg2 Rxg3 48. Kh1 Rxh3+ 49. Kg1 0-1

[Event "London Classic op 4th"]
[Site "London"]
[Date "2012.12.07"]
[Round "7"]
[White "Tan, Justin Hy"]
[Black "Golubka, Petro"]
[Result "0-1"]
[WhiteElo "2239"]
[BlackElo "2418"]
[WhiteFideId "-1"]
[BlackFideId "-1"]
[PlyCount "38"]
[GameId "1166656441208832"]
[EventDate "2012.12.01"]
[EventType "swiss"]
[EventRounds "9"]
[EventCountry "ENG"]
[SourceTitle "CBM 151 Extra"]
[Source "ChessBase"]
[SourceDate "2012.12.18"]
[SourceVersion "1"]
[SourceVersionDate "2012.12.18"]
[SourceQuality "1"]

1. e4 c5 2. Nf3 d6 3. d4 cxd4 4. Nxd4 a6 5. Nc3 e6 6. Be3 b5 7. g4 b4 8. Nb1 Bb7 9. Bg2 Nf6 10. Nd2 h5 11. g5 Ng4 12. g6 Nd7 13. h3 Nxe3 14. gxf7+ Kxf7 15. Qf3+ Nf5 16. Nxe6 Qf6 17. Qb3 Nh4 18. Nc7+ d5 19. O-O-O Nc5 0-1

[Event "London Classic op 4th"]
[Site "London"]
[Date "2012.12.09"]
[Round "9"]
[White "Kvisvik, Brede Alexander"]
[Black "Golubka, Petro"]
[Result "1/2-1/2"]
[WhiteElo "2316"]
[BlackElo "2418"]
[WhiteFideId "-1"]
[BlackFideId "-1"]
[PlyCount "27"]
[GameId "1166656441942016"]
[EventDate "2012.12.01"]
[EventType "swiss"]
[EventRounds "9"]
[EventCountry "ENG"]
[SourceTitle "EXT 2014"]
[Source "ChessBase"]
[SourceDate "2013.11.20"]
[SourceVersion "1"]
[SourceVersionDate "2013.11.20"]
[SourceQuality "1"]

1. d4 d5 2. c4 e6 3. Nf3 c5 4. cxd5 exd5 5. g3 Nc6 6. Bg2 Nf6 7. O-O Be7 8. Nc3 O-O 9. dxc5 Bxc5 10. Na4 Be7 11. Be3 Re8 12. Rc1 Bg4 13. Nc5 Bxc5 14. Bxc5 1/2-1/2

[Event "Kesarovski-Stanchev mem."]
[Site "Sunny Beach BUL"]
[Date "2012.09.01"]
[Round "1.15"]
[White "Golubka, Petro"]
[Black "Todorov, Kostadinov Todor"]
[Result "1-0"]
[WhiteElo "2399"]
[BlackElo "2025"]
[WhiteFideId "-1"]
[BlackFideId "-1"]
[PlyCount "71"]
[GameId "2130307692811495"]
[EventDate "2012.09.01"]
[EventType "swiss"]
[EventRounds "9"]
[EventCountry "BUL"]

1. d4 d5 2. Nf3 c6 3. c4 Nf6 4. Nc3 Qb6 5. e3 Bf5 6. Nh4 Bg6 7. Nxg6 hxg6 8. g4 e6 9. g5 Ng8 10. Qa4 Ne7 11. cxd5 exd5 12. Bd2 Nd7 13. O-O-O Qc7 14. Qc2 Rxh2 15. Rxh2 Qxh2 16. f4 Nf5 17. e4 Nxd4 18. Qd3 c5 19. Nxd5 O-O-O 20. Bh3 Qe2 21. Qxe2 Nxe2+ 22. Kb1 Kb8 23. Ba5 Nb6 24. Re1 Ng3 25. Bxb6 axb6 26. Nxb6 Kc7 27. Nd5+ Kb8 28. Re3 Nh5 29. Bg2 f6 30. e5 Rxd5 31. Bxd5 Nxf4 32. exf6 gxf6 33. Re8+ Kc7 34. Rxf8 Nxd5 35. gxf6 Kd7 36. f7 1-0

[Event "Kesarovski-Stanchev mem."]
[Site "Sunny Beach BUL"]
[Date "2012.09.02"]
[Round "2.15"]
[White "Kostadinov, Rumen"]
[Black "Golubka, Petro"]
[Result "0-1"]
[WhiteElo "2177"]
[BlackElo "2399"]
[WhiteFideId "-1"]
[BlackFideId "-1"]
[PlyCount "110"]
[GameId "2129404858655232"]
[EventDate "2012.09.01"]
[EventType "swiss"]
[EventRounds "9"]
[EventCountry "BUL"]

1. d4 Nf6 2. Nf3 g6 3. Bg5 Bg7 4. Nbd2 d6 5. c3 O-O 6. e4 Nc6 7. Be2 h6 8. Bh4 e5 9. dxe5 dxe5 10. O-O Qe8 11. Qc2 Nh5 12. Rfe1 Kh8 13. Nc4 Nf4 14. Bf1 Bg4 15. Nfd2 Be6 16. f3 f5 17. Ne3 {...} a6 18. Bg3 Rd8 19. Nb3 Qf7 20. Nc5 Bc8 21. Bf2 Qe7 22. b4 a5 23. a3 b6 24. Nb3 Be6 25. bxa5 Bxb3 26. Qxb3 Nxa5 27. Qc2 Qg5 28. Kh1 fxe4 29. fxe4 h5 30. g3 Ne6 31. Nd5 Qg4 32. Bg2 h4 33. Qe2 Qxe2 34. Rxe2 hxg3 35. hxg3 Nb3 36. Rb1 Nbc5 37. Be3 Rf7 38. Bh3 Ra8 39. Bxe6 Nxe6 40. Ra2 Bf8 41. a4 Bc5 42. Kg2 Bxe3 43. Nxe3 Nc5 44. Ng4 Re7 45. Rb4 Kg7 46. Kf3 Rd8 47. a5 bxa5 48. Rc4 Nb3 49. Ke3 Rd6 50. Ra3 Nd2 51. Rc5 Nf1+ 52. Kf2 Rf7+ 53. Kg2 Rd1 54. Kh3 Rd3 55. Nxe5 Rxg3+ 0-1

[Event "Kesarovski-Stanchev mem."]
[Site "Sunny Beach BUL"]
[Date "2012.09.03"]
[Round "3.3"]
[White "Golubka, Petro"]
[Black "Cioara, Andrei Nestor"]
[Result "1/2-1/2"]
[WhiteElo "2399"]
[BlackElo "2496"]
[WhiteFideId "-1"]
[BlackFideId "-1"]
[PlyCount "42"]
[GameId "2129404858663477"]
[EventDate "2012.09.01"]
[EventType "swiss"]
[EventRounds "9"]
[EventCountry "BUL"]

1. e4 c6 2. d4 d5 3. e5 Bf5 4. Nf3 e6 5. Be2 Ne7 6. O-O h6 7. Be3 Nd7 8. c4 dxc4 9. Bxc4 Nb6 10. Bb3 a5 11. Nc3 Ned5 12. Nxd5 cxd5 13. Bc2 Bxc2 14. Qxc2 Be7 15. Nd2 Qd7 16. b3 a4 17. f4 {...} g6 18. Qd3 h5 19. g3 axb3 20. axb3 Rxa1 21. Rxa1 O-O 1/2-1/2

[Event "Kesarovski-Stanchev mem."]
[Site "Sunny Beach BUL"]
[Date "2012.09.04"]
[Round "4.10"]
[White "Petermann, Michail"]
[Black "Golubka, Petro"]
[Result "0-1"]
[WhiteElo "2245"]
[BlackElo "2399"]
[WhiteFideId "-1"]
[BlackFideId "-1"]
[PlyCount "86"]
[GameId "2129404858671727"]
[EventDate "2012.09.01"]
[EventType "swiss"]
[EventRounds "9"]
[EventCountry "BUL"]

1. e4 e5 2. Nf3 Nc6 3. Bc4 Nf6 4. d3 h6 5. c3 Be7 6. Bb3 d6 7. Nbd2 O-O 8. Nf1 d5 9. Qe2 a5 10. Ng3 a4 11. Bc2 a3 12. b3 Bg4 13. h3 Be6 14. O-O d4 15. c4 Nh7 16. Nf5 Bb4 17. g4 {...} Bc3 18. Rb1 Ng5 19. Bxg5 hxg5 20. Kg2 g6 21. Ng3 Qf6 22. Rh1 Kg7 23. Rbd1 Rh8 24. Bb1 Bb4 25. Rdf1 Bd7 26. Qd1 Be7 27. Qc1 Rh7 28. Ng1 Rah8 29. f3 b6 30. Rf2 Bb4 31. N1e2 Nd8 32. Ng1 Ne6 33. N3e2 Qe7 34. Rh2 Qc5 35. Bc2 Qa5 36. Qd1 Bc3 37. Rf1 b5 38. cxb5 Bxb5 39. Bb1 Qa6 40. Qc2 Rb8 41. h4 Rxh4 42. Rxh4 gxh4 43. Nh3 g5 0-1

[Event "Kesarovski-Stanchev mem."]
[Site "Sunny Beach BUL"]
[Date "2012.09.05"]
[Round "5.4"]
[White "Golubka, Petro"]
[Black "Drenchev, Petar"]
[Result "1-0"]
[WhiteElo "2399"]
[BlackElo "2487"]
[WhiteFideId "-1"]
[BlackFideId "-1"]
[PlyCount "57"]
[GameId "2129404858671771"]
[EventDate "2012.09.01"]
[EventType "swiss"]
[EventRounds "9"]
[EventCountry "BUL"]

1. e4 e5 2. Nf3 Nc6 3. Bb5 a6 4. Ba4 Nf6 5. O-O Be7 6. Re1 b5 7. Bb3 O-O 8. a4 Rb8 9. axb5 axb5 10. c3 d6 11. d4 exd4 12. cxd4 Bg4 13. Nc3 Nb4 14. h3 Bh5 15. Bf4 Nd7 16. Nd5 Nxd5 17. Bxd5 {...} Rb6 18. Ra8 Nb8 19. g4 Bg6 20. h4 Bxh4 21. Nxh4 Qxh4 22. Bg3 Qe7 23. e5 dxe5 24. Rxe5 Qd7 25. Bg2 c6 26. d5 f6 27. Re1 cxd5 28. Qd4 Qd8 29. Rc1 1-0

[Event "Kesarovski-Stanchev mem."]
[Site "Sunny Beach BUL"]
[Date "2012.09.06"]
[Round "6.2"]
[White "Golubka, Petro"]
[Black "Bernadskiy, Vitaliy"]
[Result "1/2-1/2"]
[WhiteElo "2399"]
[BlackElo "2493"]
[WhiteFideId "-1"]
[BlackFideId "-1"]
[PlyCount "41"]
[GameId "2129404858675916"]
[EventDate "2012.09.01"]
[EventType "swiss"]
[EventRounds "9"]
[EventCountry "BUL"]

1. c4 Nf6 2. Nc3 g6 3. Nf3 Bg7 4. g3 O-O 5. Bg2 d6 6. O-O a6 7. a3 d5 8. d4 dxc4 9. Ne5 Ne8 10. Nxc4 Qxd4 11. Qxd4 Bxd4 12. Rd1 Bxc3 13. bxc3 Nd6 14. Na5 Ra7 15. c4 c5 16. Bh6 Re8 17. Bf4 {...} b5 18. Bxd6 exd6 19. Rxd6 Be6 20. Rb1 bxc4 21. Rc1 1/2-1/2

[Event "Kesarovski-Stanchev mem."]
[Site "Sunny Beach BUL"]
[Date "2012.09.07"]
[Round "7"]
[White "Pantev, Veselin"]
[Black "Golubka, Petro"]
[Result "1/2-1/2"]
[WhiteElo "2381"]
[BlackElo "2399"]
[WhiteFideId "-1"]
[BlackFideId "-1"]
[PlyCount "27"]
[GameId "2130307692827978"]
[EventDate "2012.09.01"]
[EventType "swiss"]
[EventRounds "9"]
[EventCountry "BUL"]
[SourceTitle "CBM 150 Extra"]
[Source "ChessBase"]
[SourceDate "2012.10.19"]
[SourceVersion "1"]
[SourceVersionDate "2012.10.19"]
[SourceQuality "1"]

1. Nf3 Nf6 2. d4 e6 3. g3 b5 4. Bg2 Bb7 5. O-O Be7 6. a4 a6 7. c3 O-O 8. axb5 axb5 9. Rxa8 Bxa8 10. Qb3 Bc6 11. Na3 Bxa3 12. Qxa3 h6 13. Bf4 d6 14. Qa7 1/2-1/2

[Event "Kesarovski-Stanchev mem."]
[Site "Sunny Beach BUL"]
[Date "2012.09.08"]
[Round "8"]
[White "Golubka, Petro"]
[Black "Agayev, Nidjat"]
[Result "1/2-1/2"]
[WhiteElo "2399"]
[BlackElo "2318"]
[WhiteFideId "-1"]
[BlackFideId "-1"]
[PlyCount "25"]
[GameId "2130307692828023"]
[EventDate "2012.09.01"]
[EventType "swiss"]
[EventRounds "9"]
[EventCountry "BUL"]
[SourceTitle "CBM 150 Extra"]
[Source "ChessBase"]
[SourceDate "2012.10.19"]
[SourceVersion "1"]
[SourceVersionDate "2012.10.19"]
[SourceQuality "1"]

1. e4 e5 2. Nf3 Nf6 3. d3 Nc6 4. c3 d5 5. Nbd2 a5 6. Be2 Be7 7. O-O O-O 8. b3 Re8 9. a3 Bc5 10. Bb2 d4 11. cxd4 Nxd4 12. Rc1 Nxf3+ 13. Nxf3 1/2-1/2

[Event "Kesarovski-Stanchev mem."]
[Site "Sunny Beach BUL"]
[Date "2012.09.09"]
[Round "9.6"]
[White "Bratanov, Zsivko"]
[Black "Golubka, Petro"]
[Result "0-1"]
[WhiteElo "2444"]
[BlackElo "2399"]
[WhiteFideId "-1"]
[BlackFideId "-1"]
[PlyCount "74"]
[GameId "2130307692832175"]
[EventDate "2012.09.01"]
[EventType "swiss"]
[EventRounds "9"]
[EventCountry "BUL"]

1. c4 e5 2. g3 Nc6 3. Bg2 Nf6 4. Nc3 Bb4 5. Nd5 Bc5 6. e3 O-O 7. Ne2 Nxd5 8. cxd5 Ne7 9. O-O d6 10. a3 c6 11. dxc6 bxc6 12. d4 exd4 13. Nxd4 d5 14. b4 Bb6 15. Bb2 Bd7 16. e4 Rc8 17. Qh5 a5 18. Rad1 axb4 19. axb4 Rc7 20. Rfe1 h6 21. Bc1 c5 22. Nf5 Nxf5 23. exf5 cxb4 24. Bxd5 Qf6 25. Be4 Ba4 26. Rd2 Bd4 27. h4 Bc3 28. g4 Bxd2 29. Bxd2 Qd4 30. Bxh6 f6 31. Bf4 Be8 32. Bd5+ Qxd5 33. Rxe8 Rc8 34. Re7 Rf7 35. Re6 b3 36. Rd6 Qxd6 37. Bxd6 b2 0-1

[Event "Adolf Anderssen mem Prelim"]
[Site "Wroclaw POL"]
[Date "2012.06.30"]
[Round "3"]
[White "Lercel, Michal"]
[Black "Golubka, Petro"]
[Result "0-1"]
[WhiteElo "2173"]
[BlackElo "2402"]
[WhiteFideId "-1"]
[BlackFideId "-1"]
[PlyCount "58"]
[GameId "2130307696744051"]
[EventDate "2012.06.30"]
[EventType "swiss (rapid)"]
[EventRounds "9"]
[EventCountry "POL"]
[SourceTitle "The Week in Chess 921"]
[Source "Mark Crowther"]
[SourceDate "2012.07.02"]
[SourceVersion "2"]
[SourceVersionDate "2012.07.05"]
[SourceQuality "2"]

1. e4 e5 2. Nf3 Nc6 3. Bb5 a6 4. Ba4 Nf6 5. d3 b5 6. Bb3 Be7 7. a4 Rb8 8. axb5 axb5 9. Nc3 d6 10. Nd5 Bg4 11. c3 O-O 12. Ra6 Bd7 13. h3 Rb7 14. Be3 b4 15. g4 Nb8 16. Ra8 Nxd5 17. exd5 Kh8 18. Nd2 f5 19. Nc4 c5 20. Na5 Rb6 21. cxb4 Rxb4 22. Bd2 Rb6 23. Bc4 Rxb2 24. Nb3 Bh4 25. Rf1 fxg4 26. hxg4 Qf6 27. Qc1 Bxf2+ 28. Rxf2 Qxf2+ 29. Kd1 Bxg4# 0-1

[Event "Adolf Anderssen mem Prelim"]
[Site "Wroclaw POL"]
[Date "2012.06.30"]
[Round "4"]
[White "Golubka, Petro"]
[Black "Malisauskas, Vidmantas"]
[Result "1-0"]
[WhiteElo "2402"]
[BlackElo "2457"]
[WhiteFideId "-1"]
[BlackFideId "-1"]
[PlyCount "143"]
[GameId "2130307696744058"]
[EventDate "2012.06.30"]
[EventType "swiss (rapid)"]
[EventRounds "9"]
[EventCountry "POL"]
[SourceTitle "The Week in Chess 921"]
[Source "Mark Crowther"]
[SourceDate "2012.07.02"]
[SourceVersion "2"]
[SourceVersionDate "2012.07.05"]
[SourceQuality "2"]

1. c4 g6 2. Nc3 c5 3. Nf3 Bg7 4. g3 Nc6 5. Bg2 e5 6. d3 d6 7. O-O Nge7 8. Ne1 Rb8 9. Nc2 a6 10. Ne3 b5 11. Ned5 O-O 12. b3 b4 13. Nxe7+ Nxe7 14. Nd5 Nxd5 15. Bxd5 e4 16. Rb1 exd3 17. Qxd3 Bf5 18. Be4 Bxe4 19. Qxe4 Re8 20. Qd3 Qe7 21. Re1 Qe4 22. Qxe4 Rxe4 23. Kf1 Rd8 24. Bg5 f6 25. Bf4 g5 26. Be3 d5 27. Bxc5 dxc4 28. Bxb4 cxb3 29. Rxb3 Rc4 30. a3 Rc2 31. Rc3 Rxc3 32. Bxc3 f5 33. Bxg7 Kxg7 34. Rc1 Rd5 35. Rc7+ Kg8 36. Kg2 Ra5 37. Rc3 Kf7 38. Kf3 Kf6 39. h3 h5 40. g4 fxg4+ 41. hxg4 h4 42. Kg2 Ke5 43. e3 Ke4 44. f3+ Ke5 45. Kh3 Rd5 46. f4+ gxf4 47. exf4+ Kxf4 48. Kxh4 Rd8 49. Rc5 Rh8+ 50. Rh5 Rg8 51. Rf5+ Ke4 52. a4 Rh8+ 53. Rh5 Rg8 54. Rh6 a5 55. Rh5 Ra8 56. Kg3 Ra7 57. Rb5 Rd7 58. Rxa5 Rd3+ 59. Kh4 Ra3 60. Kg5 Kf3 61. Rf5+ Kg3 62. Rf4 Rc3 63. Rb4 Rc5+ 64. Kf6 Kh4 65. Rd4 Ra5 66. Ke6 Ra8 67. Kd6 Rg8 68. Kc6 Rg6+ 69. Kb5 Rg5+ 70. Kb4 Rg8 71. a5 Rb8+ 72. Kc5 1-0

[Event "Adolf Anderssen mem Prelim"]
[Site "Wroclaw POL"]
[Date "2012.06.30"]
[Round "5"]
[White "Jaracz, Pawel"]
[Black "Golubka, Petro"]
[Result "1-0"]
[WhiteElo "2514"]
[BlackElo "2402"]
[WhiteFideId "-1"]
[BlackFideId "-1"]
[PlyCount "85"]
[GameId "2130307696744071"]
[EventDate "2012.06.30"]
[EventType "swiss (rapid)"]
[EventRounds "9"]
[EventCountry "POL"]
[SourceTitle "The Week in Chess 921"]
[Source "Mark Crowther"]
[SourceDate "2012.07.02"]
[SourceVersion "2"]
[SourceVersionDate "2012.07.05"]
[SourceQuality "2"]

1. e4 e5 2. Nf3 Nc6 3. Bb5 a6 4. Ba4 Nf6 5. O-O Nxe4 6. d4 b5 7. Bb3 d5 8. dxe5 Be6 9. c3 Bc5 10. Qd3 O-O 11. Nbd2 f5 12. exf6 Nxf6 13. a4 b4 14. Bc2 Bf7 15. Nb3 Bg6 16. Qd1 Bxc2 17. Qxc2 Bb6 18. a5 Ba7 19. Nbd4 Qd7 20. h3 Ne4 21. Be3 bxc3 22. bxc3 Ne7 23. c4 c6 24. Rfd1 Qd6 25. Rab1 Rfb8 26. Rxb8+ Rxb8 27. Nxc6 Nxc6 28. cxd5 Nxf2 29. Qxf2 Bxe3 30. Qxe3 Nxa5 31. Qe6+ Qxe6 32. dxe6 Re8 33. Rd6 Nb7 34. Rb6 Nc5 35. Nd4 g6 36. Rc6 Ne4 37. Rxa6 Re7 38. Rc6 Kg7 39. Nb5 Rb7 40. Nc7 Kf6 41. Nd5+ Ke5 42. e7 Rb8 43. Nc7 1-0

[Event "Adolf Anderssen mem Prelim"]
[Site "Wroclaw POL"]
[Date "2012.06.30"]
[Round "6"]
[White "Golubka, Petro"]
[Black "Walentukiewicz, Michal"]
[Result "1-0"]
[WhiteElo "2402"]
[BlackElo "2101"]
[WhiteFideId "-1"]
[BlackFideId "-1"]
[PlyCount "135"]
[GameId "2130307696744082"]
[EventDate "2012.06.30"]
[EventType "swiss (rapid)"]
[EventRounds "9"]
[EventCountry "POL"]
[SourceTitle "The Week in Chess 921"]
[Source "Mark Crowther"]
[SourceDate "2012.07.02"]
[SourceVersion "2"]
[SourceVersionDate "2012.07.05"]
[SourceQuality "2"]

1. c4 g6 2. Nc3 Bg7 3. Nf3 Nf6 4. g3 O-O 5. Bg2 c5 6. O-O Nc6 7. d4 cxd4 8. Nxd4 Nxd4 9. Qxd4 d6 10. Bg5 h6 11. Bd2 Qc7 12. Nb5 Qb8 13. Qd3 Bf5 14. e4 Bd7 15. Nd4 Rc8 16. h3 Bc6 17. Nxc6 bxc6 18. b4 Nd7 19. Rab1 Qc7 20. Rfc1 Rab8 21. a4 Rd8 22. a5 Kh7 23. Kh2 h5 24. f4 Nf6 25. b5 c5 26. Rf1 Nd7 27. Rb3 Bd4 28. Rfb1 Nf6 29. b6 axb6 30. Rxb6 Rxb6 31. Rxb6 Nd7 32. Rb5 Ra8 33. e5 Ra7 34. exd6 Qxd6 35. Qe2 e5 36. f5 h4 37. fxg6+ fxg6 38. Be4 hxg3+ 39. Kg2 Nf6 40. Rb6 Qf8 41. Rb7+ Rxb7 42. Bxb7 e4 43. a6 Qe7 44. Bg5 Kg7 45. Bxf6+ Bxf6 46. Qxe4 Qd7 47. Qc2 Qc7 48. Qd3 Qb6 49. Kxg3 Be5+ 50. Kf2 Qb2+ 51. Kf3 Qa1 52. Ke4 Bd4 53. Kd5 Qa5 54. Qg3 Qd8+ 55. Qd6 Qg5+ 56. Kc6 Qg2+ 57. Qd5 Qa2 58. Kb6 Qb2+ 59. Kc6 Qa3 60. Qd7+ Kh6 61. Kb6 Qb2+ 62. Qb5 Qh2 63. a7 Qd6+ 64. Bc6 Qd8+ 65. Kb7 Qe7+ 66. Bd7 Qe4+ 67. Bc6 Qe7+ 68. Ka6 1-0

[Event "Adolf Anderssen mem Prelim"]
[Site "Wroclaw POL"]
[Date "2012.06.30"]
[Round "7"]
[White "Arutinian, David"]
[Black "Golubka, Petro"]
[Result "1-0"]
[WhiteElo "2561"]
[BlackElo "2402"]
[WhiteFideId "-1"]
[BlackFideId "-1"]
[PlyCount "133"]
[GameId "2130307696744090"]
[EventDate "2012.06.30"]
[EventType "swiss (rapid)"]
[EventRounds "9"]
[EventCountry "POL"]
[SourceTitle "The Week in Chess 921"]
[Source "Mark Crowther"]
[SourceDate "2012.07.02"]
[SourceVersion "2"]
[SourceVersionDate "2012.07.05"]
[SourceQuality "2"]

1. d4 d5 2. c4 e6 3. Nf3 c5 4. cxd5 exd5 5. Nc3 Nc6 6. Bf4 Nf6 7. e3 a6 8. Be2 Be6 9. O-O Be7 10. dxc5 Bxc5 11. Ne5 O-O 12. Nxc6 bxc6 13. Rc1 Bd6 14. Bxd6 Qxd6 15. Na4 Nd7 16. Qc2 Rfc8 17. Nc5 Nxc5 18. Qxc5 Qxc5 19. Rxc5 a5 20. Rfc1 Bd7 21. Rd1 f5 22. Rd4 Rcb8 23. b3 Rb4 24. h3 Kf7 25. g4 Ke7 26. gxf5 Rxd4 27. exd4 Kd6 28. Bd3 a4 29. b4 a3 30. Rc3 Ra4 31. Rb3 Ke7 32. Kf1 Kf6 33. Bc2 Ra6 34. Ke2 Bxf5 35. Rf3 g6 36. Kd2 Ra8 37. Bxf5 gxf5 38. Rc3 Ra6 39. Rg3 Ra8 40. Rc3 Ra6 41. Re3 Ra8 42. Kc3 Rg8 43. Kb3 Rg2 44. Rf3 Rg1 45. Rc3 Rd1 46. Rxc6+ Kg5 47. Kxa3 Rd3+ 48. Kb2 Rxd4 49. a3 Rf4 50. Rc2 d4 51. b5 d3 52. Rd2 Rd4 53. Kc3 Ra4 54. Kb3 Rd4 55. a4 Kf4 56. a5 Ke4 57. a6 Rd5 58. Kc4 Rd4+ 59. Kb3 Rd5 60. Kb4 Rd4+ 61. Ka5 Rd8 62. a7 Kd4 63. b6 Kc3 64. Rd1 Kc2 65. Ra1 Kb2 66. Rh1 d2 67. b7 1-0